|
|
|
|
| LEADER |
01236nam a2200253 i 4500 |
| 003 |
GR-PaULI |
| 005 |
20231108130809.0 |
| 008 |
171020s1987 gr |||g |||| 000 0 gre d |
| 040 |
|
|
|a GR-PaULI
|b gre
|c GR-PaULI
|e AACR2
|
| 041 |
1 |
|
|a gre
|h ita
|
| 082 |
0 |
4 |
|2 23
|a 945.08
|
| 100 |
1 |
|
|9 15222
|a Gramsci, Antonio,
|d 1891-1937
|e συγγραφέας
|
| 245 |
1 |
3 |
|a Il risorgimento :
|b τόμος Ζ' /
|c Αντόνιο Γκράμσι ; εισαγωγή Λουκάς Αξελός ; μετάφραση-σχόλια Γιώργος Μαχαίρας.
|
| 260 |
|
|
|a Αθήνα :
|b Στοχαστής,
|c 1987.
|
| 300 |
|
|
|a 361,[1] σ. ;
|c 19 εκ.
|
| 490 |
1 |
|
|a Σύγχρονη σκέψη / Στοχαστής
|
| 651 |
|
4 |
|9 164931
|a Ιταλία
|x Ιστορία
|y 19ος αιώνας
|
| 700 |
1 |
|
|9 114183
|a Μαχαίρας, Γιώργος
|e μεταφραστής
|
| 765 |
0 |
8 |
|i Μετάφραση του:
|t Il risorgimento
|
| 830 |
|
0 |
|a Σύγχρονη σκέψη (Στοχαστής)
|9 164932
|
| 942 |
|
|
|2 ddc
|c BKN
|
| 952 |
|
|
|0 0
|1 0
|2 ddc
|4 0
|6 945_080000000000000_GRA
|7 0
|9 216492
|a LISP
|b LISP
|c DON
|d 2017-10-20
|e ΔΙΑ
|i 088302
|l 0
|o 945.08 GRA
|p 025000152198
|r 2017-10-20 00:00:00
|t 1
|v 2017.00
|w 2017-10-20
|y BKN
|
| 998 |
|
|
|c ΒΑΣΙΛΕΙΟΥ
|d 2017-10
|
| 999 |
|
|
|c 131296
|d 131296
|